LEADER 01055cam0 2200265 450 001 E600200054769 005 20161212115525.0 100 $a20091013d2005 |||||ita|0103 ba 101 $aita 102 $aIT 200 1 $aVincenzo Coronelli (1650- Venezia 1718)$eEpitome storica veneziana nel culto ambivalente della loro identitą. Memorie e risonanze$fFranca Nicolini Di Marzio 210 $aNapoli$cAccademia Pontaniana$d2005 215 $a491 p.$cill.$d24 cm 300 $a(bb) 610 0$aCoronelli, Vincenzo 700 1$aNicolini Di Marzio$b, Franca$3A600200057414$4070$039810 801 0$aIT$bUNISOB$c20161212$gRICA 850 $aUNISOB 852 $aUNISOB$jFondo|Craveri$m146841 912 $aE600200054769 940 $aM 102 Monografia moderna SBN 941 $aM 957 $aFondo|Craveri$b000040$gSi$d146841$hCraveri$rdono$1beth$2UNISOB$3UNISOB$420091013093629.0$520161212115525.0$6catenacci$fModalitą di consultazione vedi home page Biblioteca link Fondi 996 $aVincenzo Coronelli (1650- Venezia 1718)$91706241 997 $aUNISOB LEADER 01417nam0 22003131i 450 001 UON00527643 005 20250214114259.868 010 $a978-88-320-6229-8 100 $a20250213d2023 |0itac50 ba 101 $aita 102 $aIT 105 $a|||| ||||| 200 1 $aAscolto e Transfert: traduzioni e autotraduzioni in letteratura e psicanalisi$fa cura di Federico Fabbri, Franco Paris 210 $aMilano$cCriterion$d2023 215 $a282 p.$d21 cm 316 $aDono prof. Rotiroti, pubblicazione dipartimento$5IT-UONSI USNOPub2024/010 410 1$1001UON00507401$12001 $aPsychanalitica$1210 $aMilano$cCriterion$d2021-$v3 606 $aLetteratura e psicanalisi$xCongressi$3UONC098753$2FI 620 $aIT$dMilano$3UONL000005 676 $a809.93353$cLetteratura con specifiche caratteristiche. Caratteristiche e attivitą umane (Aspetti biologici, morali, psicologici).$v21 702 1$aFabbri$bFederico$3UONV296842 702 1$aParis$bFranco$3UONV153196 712 $aCriterion$3UONV283484$4650 801 $aIT$bSOL$c20250228$gRICA 899 $aSIBA - SISTEMA BIBLIOTECARIO DI ATENEO$2UONSI 912 $aUON00527643 950 $aSIBA - SISTEMA BIBLIOTECARIO DI ATENEO$dSI Pub 2024 010 $eSI 52380 5 010 Dono prof. Rotiroti, pubblicazione dipartimento 996 $aAscolto e Transfert$94312172 997 $aUNIOR